000 00390nam a22001337a 4500
020 _qPB.
040 _cFIZZA ISHAQ
082 _a624.0684
_bSKE
100 _aSEARS,KEOKI S.
_991220
245 _aCONSTRUCTION PROJECT MANAGEMENT A PRACTICAL GUIDE TO FIELD CONSTRUCTION MANAGEMENT /
_cS.KEOKI SEARS.
260 _aNEW YORK ;
_bJOHN WILEY SON,
_c2008.
300 _a400 P. ;
942 _2ddc
_cBK
999 _c589396
_d589396